Städte in Finnland - Sudden Death - Statistiken

Allgemein
  • Dieses Quiz wurde 185 mal gespielt
  • Das Durchschnittsergebnis liegt bei 7 aus 16
Answers on the Grid
Answers color-coded by a green-red scale on the quiz's grid according to % correct below.
Helsinki
Tampere
Turku
Oulu
Kuopio
Lahti
Rovaniemi
Kotka
Vaasa
Salo
Espoo
Jyväskylä
Joensuu
Mikkeli
Vantaa
Tartu
Kouvola
Västerås
Trollhättan
Kalmar
Kaunas
Alkmaar
Porsgrunn
Stavanger
Esbjerg
Pärnu
Jelgava
Surgut
Samara
Tula
 
Antwortstatistiken
Antwort % Korrekt
Helsinki
82%
Oulu
63%
Turku
61%
Lahti
58%
Tampere
58%
Espoo
53%
Rovaniemi
51%
Jyväskylä
47%
Kuopio
45%
Vantaa
45%
Vaasa
34%
Kouvola
33%
Joensuu
27%
Mikkeli
25%
Salo
24%
Kotka
16%
Keine übereinstimmenden Quizze gefunden
Verteilung der Resultate
Anzahl Personen mit jedem Resultat
Perzentil nach korrekt beantworteten Fragen
Ihre Resultats-Entwicklung
Sie haben dieses Quiz noch nicht gespielt